01129nam a2200241 a 450000100100000000500170001000800410002704000250006804100380009308200140013110000420014524000830018724501150027026000560038530000270044149000280046853400910049683000350058704900090062295201210063195201180075299900170087000002924120200930055423.0110414s2000 dr a 000 0 spa d aDO-SdBNPbspacBNPHU17aspaheng2Código de idioma MARC axxxbE56m1 aEncarnación Gomera, Máximo95613710aMethodology for the teaching-learning process of foreign languageslEspañol.10aMetodología para el proceso enseñanza-aprendizaje de lenguas extranjeras /cMáximo Encarnación Gomera. aSanto Domingo :bEditorial Somos Literatura,c2000. a30 p. :bil. ;c21 cm.1 aCartilla didácticav2 aTítulo original:fMethodology for the teaching-learning process of foreign languages 0aCartilla didácticav2956138 aBNPD 001054708PDaPDbPDcHDd2011-04-14iLF1l0oxxx E56mp29241-10r2020-06-25w2020-06-25yLFPDZPréstamo en sala 0010718PDaPDbPDcCTd2011-06-08iLF1l0oxxx E56mp29241-20r2020-06-25te. 2w2020-06-25yLFPDZNo se presta c28733d28733